فتاوي التأمين الاسلامي، الجزء الاول / (Record no. 33366)
[ view plain ]
| 000 -LEADER | |
|---|---|
| fixed length control field | 01031nam a22002417a 4500 |
| 003 - CONTROL NUMBER IDENTIFIER | |
| control field | JO-AjAnu |
| 005 - DATE AND TIME OF LATEST TRANSACTION | |
| control field | 20240327105740.0 |
| 008 - FIXED-LENGTH DATA ELEMENTS--GENERAL INFORMATION | |
| fixed length control field | 240327b jo ||||| |||| 00| 0 ara d |
| 040 ## - CATALOGING SOURCE | |
| Original cataloging agency | JO-AjAnu |
| Transcribing agency | JO-AjAnu |
| 041 #0 - LANGUAGE CODE | |
| Language code of text/sound track or separate title | ara |
| 050 ## - LIBRARY OF CONGRESS CALL NUMBER | |
| Classification number | BP173.758 |
| Item number | 2023 |
| 100 #1 - MAIN ENTRY--PERSONAL NAME | |
| Personal name | أبو غدة، عبد الستار |
| 9 (RLIN) | 13404 |
| Relator term | معد |
| 245 #1 - TITLE STATEMENT | |
| Title | فتاوي التأمين الاسلامي، الجزء الاول / |
| Statement of responsibility, etc. | اعداد عبد الستار ابو غدة، ...[واخرون] |
| 260 ## - PUBLICATION, DISTRIBUTION, ETC. | |
| Place of publication, distribution, etc. | عمان : |
| Name of publisher, distributor, etc. | شركة التأمين الاسلامية، |
| Date of publication, distribution, etc. | 2005 |
| 300 ## - PHYSICAL DESCRIPTION | |
| Extent | 154صفحة |
| 500 ## - GENERAL NOTE | |
| General note | الجزء الاول |
| 650 70 - SUBJECT ADDED ENTRY--TOPICAL TERM | |
| Topical term or geographic name entry element | فتاوي - الاقتصاد - التامين - الاسلام - شركات التامين - الفقه الاسلامي |
| 9 (RLIN) | 65167 |
| 700 #1 - ADDED ENTRY--PERSONAL NAME | |
| Personal name | أبو غدة، عبد الستار |
| 9 (RLIN) | 13404 |
| Relator term | معد |
| 700 #1 - ADDED ENTRY--PERSONAL NAME | |
| Personal name | السرطاوي، محمود |
| 9 (RLIN) | 65171 |
| Relator term | معد |
| 700 #1 - ADDED ENTRY--PERSONAL NAME | |
| Personal name | الصوا، علي محمد |
| 9 (RLIN) | 65172 |
| Relator term | معد |
| 700 #1 - ADDED ENTRY--PERSONAL NAME | |
| Personal name | ملحم، أحمد سالم |
| 9 (RLIN) | 14928 |
| Relator term | معد |
| 942 ## - ADDED ENTRY ELEMENTS (KOHA) | |
| Source of classification or shelving scheme | Library of Congress Classification |
| Koha item type | Books |
| Suppress in OPAC | No |
| Withdrawn status | Lost status | Source of classification or shelving scheme | Materials specified (bound volume or other part) | Damaged status | Not for loan | Home library | Current library | Date acquired | Total Checkouts | Full call number | Barcode | Date last seen | Price effective from | Koha item type |
|---|---|---|---|---|---|---|---|---|---|---|---|---|---|---|
| Library of Congress Classification | الجزء الاول | مكتبة جامعة عجلون الوطنية | مكتبة جامعة عجلون الوطنية | 27/03/2024 | BP173.758 2023 | A29830 | 27/03/2024 | 27/03/2024 | Books | |||||
| Library of Congress Classification | الجزء الاول | مكتبة جامعة عجلون الوطنية | مكتبة جامعة عجلون الوطنية | 27/03/2024 | BP173.758 2023 | A29831 | 27/03/2024 | 27/03/2024 | Books |